Catalog

Record Details

Catalog Search



Once in a blue moon  Cover Image Book Book

Once in a blue moon / Eileen Goudge.

Goudge, Eileen. (Author).

Record details

  • ISBN: 9781593155346 (hardcover : alk. paper)
  • ISBN: 1593155344 (hardcover : alk. paper)
  • Physical Description: x, 323 pages ; 25 cm.
  • Publisher: New York : Vanguard Press, c2009.
Subject: Sisters > Fiction.
Ex-foster children > Fiction.
Domestic fiction.
Psychological fiction.

LDR 00867pam a2200265 a 4500
001131537
003CONS
00520140703073306.0
008090330s2009 nyu 000 1 eng
010 . ‡a 2009012649
020 . ‡a9781593155346 (hardcover : alk. paper)
020 . ‡a1593155344 (hardcover : alk. paper)
035 . ‡a(CPomAG)LMN502482
05000. ‡aPS3557.O838 ‡bO53 2009
08200. ‡a813/.54 ‡222
1001 . ‡aGoudge, Eileen.
24510. ‡aOnce in a blue moon / ‡cEileen Goudge.
260 . ‡aNew York : ‡bVanguard Press, ‡cc2009.
300 . ‡ax, 323 pages ; ‡c25 cm.
650 0. ‡aSisters ‡vFiction.
650 0. ‡aEx-foster children ‡vFiction.
650 0. ‡aDomestic fiction.
650 0. ‡aPsychological fiction.
959 . ‡i32269000837875 ‡lF Gou ‡aAdult - Fiction ‡tFiction ‡g25.00
852 . ‡p32269000837875 ‡jF Gou ‡gAdult - Fiction ‡cFiction ‡y25.00 ‡bSBPL
901 . ‡a131537 ‡bUnknown ‡c131537 ‡tbiblio

Additional Resources